000 00734nam a2200241 i 4500
001 C2-0252631
003 PPAK
005 20180727215801.0
008 031122s1984 enka|||| ||||| | eng d
020 _a0850784492
040 _aPPAK
_beng
_cPPAK
_erda
082 0 4 _a551.46
_223
090 0 0 _a551.46
_bBOL
_dG
100 1 _aBolwell, Laurie,
_eauthor
245 1 0 _aseas around the world :
_bin and around the mediterranean
264 1 _aEngland :
_bWayland Publishers Limited ,
_c1984
300 _a73 pages :
_bcolour illustrations ;
_c23 cm
336 _2rdacontent
_atext
337 _2rdamedia
_aunmediated
338 _2rdacarrier
_avolume
650 1 0 _aRegion Description and travel ; Juvenile literature
942 _ddc
_cB
999 _c65634
_d65634